| 000 | 00404 a2200145 4500 | ||
|---|---|---|---|
| 020 | _a9788495722836 | ||
| 041 | _aspa | ||
| 100 | _aBaquedano, Lucia | ||
| 245 | _aEl trebol de esmeraldas / Lucia Baquedano ; dibujos de Alfonso Abad. | ||
| 260 | _aAlzira : Algar Editorial, 2012 | ||
| 300 |
_a122 pages : illustrations ; _c21 cm |
||
| 500 | _aCalcetin rojo, 15. | ||
| 700 | _aAbad, Alfonso | ||
| 942 | _cBK | ||
| 999 |
_c2604 _d2604 |
||